Works of Literature by Plot Description #1 - Statistics

General Stats
  • This quiz has been taken 251 times
  • The average score is 14 of 20
Answer Stats
Description Answer % Correct
Dystopian novella which follows the life of Winston Smith, a low ranking member of 'the Party', who is frustrated by the omnipresent eyes of the party, and its ominous ruler Big Brother. 1984
97%
Nick Carraway moves to New York in the summer of 1922. Nick's neighbor is a mysterious man named Jay, who lives in a gigantic Gothic mansion and throws parties every Saturday night. The Great Gatsby
94%
Set in rural England in the early 19th century, follows the Bennet family, which includes five very different sisters. Pride and Prejudice
93%
Jane has many obstacles in her life - her cruel and abusive Aunt Reed, the grim conditions at Lowood school, her love for Rochester and Rochester's marriage to Bertha. Jane Eyre
86%
Story about Humbert Humbert, a literature professor in his late thirties, obsessed with a twelve-year-old Dolores Haze. Lolita
86%
Rodion Raskolnikov, an impoverished ex-student in Saint Petersburg who formulates a plan to kill an unscrupulous pawnbroker for her money. Crime and Punishment
82%
Multigenerational story of love and revenge that revolves around the inhabitants of the titular farmhouse and its owner Heathcliff. Wuthering Heights
82%
Begins in the Russian city of St. Petersburg in 1805, as fear of Napoleon's ongoing war set in. War and Peace
76%
Centers on an extramarital affair between the title character and dashing cavalry officer Count Alexei Kirillovich Vronsky that forece them to leave St. Petersburg to Italy to find happiness. Anna Karenina
72%
About Lennie and George, migrant workers during the Great Depression. Of Mice and Men
71%
This novel examines a futuristic society, called the World State, that revolves around science and efficiency. Brave New World
70%
Tells the story of a battle between an aging, experienced fisherman, Santiago, and a large marlin. The Old Man and the Sea
70%
Dantes is imprisoned on the island prison of Chateau d'If for 13 years, where he plots revenge against those who betrayed him. With the help of another prisoner, he escapes the island and proceeds to transform himself into the title person. The Count of Monte Cristo
67%
Tom Joad and his family are forced from their farm in the Oklahoma Dust Bowl and set out for California along with thousands of others in search of jobs, land, and hope for a brighter future. The Grapes of Wrath
67%
Tells the story of a boy's escape from his alcoholic and abusive father and his adventurous journey down the Mississippi River together with the runaway slave Jim. The Adventures of Huckleberry Finn
58%
A family tragedy centered around a father and his sons. Fyodor, the father, has three sons: Dmitri, Ivan, and Alyosha. The Brothers Karamazov
57%
This work centres on Captain John Yossarian, an American bombardier stationed on a Mediterranean island during World War II, and chronicles his desperate attempts to stay alive. Catch-22
56%
The history of the isolated town of Macondo and of the family who founds it, the Buendías. One Hundred Years of Solitude
39%
An account of Billy Pilgrim's capture and incarceration by the Germans during the last years of World War II. Slaughterhouse Five
38%
Tells the story of the French Doctor Manette, his 18-year-long imprisonment in the Bastille in Paris and his release to live in London with his daughter Lucie, whom he had never met. A Tale of Two Cities
27%
No matching quizzes found
Score Distribution
Percent of People with Each Score
Percentile by Number Answered
Your Score History
You have not taken this quiz